Historia de Méjico desde los primeros movimientos que prepararon su independencia en el año de 1808 hasta la época presente (Record no. 3594)

MARC details
000 -CABECERA
campo de control de longitud fija 00715nam a2200217 a 4500
001 - NÚMERO DE CONTROL
campo de control BRCA_3866
005 - FECHA Y HORA DE LA ÚLTIMA TRANSACCIÓN
campo de control 20190320204444.0
008 - DATOS DE LONGITUD FIJA--INFORMACIÓN GENERAL
campo de control de longitud fija 181209s1849----mx-a######---#000-0#spa-#
041 ## - CÓDIGO DE LENGUA
Código de lengua del texto/banda sonora o título independiente spa
044 ## - CÓDIGO DEL PAÍS DE LA ENTIDAD EDITORA/PRODUCTORA
Código MARC del país mx
050 #4 - SIGNATURA TOPOGRÁFICA DE LA BIBLIOTECA DEL CONGRESO
Número de clasificación F1231.5
Número de documento/Ítem .A53 1849
100 1# - ENTRADA PRINCIPAL--NOMBRE DE PERSONA
Nombre de persona Alamán, Lúcas
Fechas asociadas al nombre 1792-1853.
9 (RLIN) 10068
245 10 - MENCIÓN DE TÍTULO
Título Historia de Méjico desde los primeros movimientos que prepararon su independencia en el año de 1808 hasta la época presente
Mención de responsabilidad, etc. Lúcas Alamán.
260 ## - PUBLICACIÓN, DISTRIBUCIÓN, ETC.
Lugar de publicación, distribución, etc. Méjico
Nombre del editor, distribuidor, etc. Imp. de J.M. Lara
Fecha de publicación, distribución, etc. 1849
300 ## - DESCRIPCIÓN FÍSICA
Extensión 5 v.
Otras características físicas il. , retratos
Dimensiones 22 cm.
500 ## - NOTA GENERAL
Nota general C25
651 #4 - PUNTO DE ACCESO ADICIONAL DE MATERIA--NOMBRE GEOGRÁFICO
Nombre geográfico México
Subdivisión de forma Historia
Subdivisión general Guerra de Independencia 1810-1821
9 (RLIN) 10069
651 #4 - PUNTO DE ACCESO ADICIONAL DE MATERIA--NOMBRE GEOGRÁFICO
Nombre geográfico México
Subdivisión de forma Historia
9 (RLIN) 9143
902 ## - CATALOGADOR
Iniciales GFM
942 ## - ELEMENTOS DE PUNTO DE ACCESO ADICIONAL (KOHA)
Fuente del sistema de clasificación o colocación Library of Congress Classification
Tipo de ítem Koha Libros
Holdings
Estado de retiro Estado de pérdida Estado dañado No para préstamo Localización permanente Ubicación/localización actual Fecha de adquisición Número de inventario Total de préstamos Signatura topográfica completa Código de barras Fecha visto por última vez Precio válido a partir de Tipo de ítem Koha
El ejemplar forma parte de la colección y puede ser consultado según las políticas vigentes.       Biblioteca del Museo Franz Mayer (Rogerio Casas-Alatriste) Biblioteca del Museo Franz Mayer (Rogerio Casas-Alatriste) 18/12/2009 C25   F1231.5 .A53 1849 (C25) 3863 22/03/2019 22/03/2019 Libros